| 000 | 01011nam a2200265 a 4500 | ||
|---|---|---|---|
| 001 | 000048688 | ||
| 005 | 20201002061330.0 | ||
| 008 | 190314s2015 dr 000 0 spa d | ||
| 020 | _a1940075327 (10) | ||
| 020 | _a9781940075327 (13 | ||
| 040 |
_aDO-SdBNP _bspa _cBNPHU |
||
| 082 |
_axxx _bM766 |
||
| 100 | 1 |
_aMontás, Keiselim A. _d1968- _937736 |
|
| 245 | 1 | 0 |
_aDe la emigración al transtierro : _b(diásporas del caribe hispanohablante en los Estados Unidos) / _cKeiselim A. Montás ; prólogo Lourdes Gutiérrez Nájera. |
| 260 |
_aNueva York, Estados Unidos : _bEscribana books, _c2015. |
||
| 300 |
_a88 p. ; _c23 cm. |
||
| 490 | 1 | _aCultural studies ; | |
| 500 | _aIncluye índice onomástico | ||
| 500 | _aIncluye datos biografícos en la contraportada. | ||
| 504 | _aBibliografía p: 87-88 | ||
| 590 | _aInventariado, 2019/ YL | ||
| 590 | _aLa biblioteca posee 1 ejemplar autografíado por el autor. | ||
| 700 | 1 | 2 |
_aGutiérrez Nájera, Lourdes _eprol. _976136 |
| 830 | 0 |
_aCultural studies _976137 |
|
| 999 |
_c48176 _d48176 |
||